Music Quiz

Random Music or Artist Quiz

Hip hop 09-10 Quiz Stats

 Plays Quiz not verified by Sporcle

Score 0/12 Timer 04:00
0 Plays Today
Songs Artist % Correct
????
100%
????
84.6%
????
84%
????
83.7%
????
80.2%
????
78.2%
????
63.7%
????
39.5%
????
39.5%
????
37.8%
????
32%
????
31.1%

You're not logged in!

Compare scores with friends on all Sporcle quizzes.
OR
Log In

Show Comments

Extras

Created Nov 21, 2010ReportNominate
Tags:Artist Quiz, 2009-2010, 2010, hip, hop

Top Quizzes Today


Score Distribution

Your Account Isn't Verified!

In order to create a playlist on Sporcle, you need to verify the email address you used during registration. Go to your Sporcle Settings to finish the process.

Report this User

Report this user for behavior that violates our Community Guidelines.

Details: